000 00967nam a2200253 i 4500
001 bgj
100 1 _aGERNGROSS, Gunter
245 1 0 _aPictures in Action /
_cGunter Gerngross and Herbert Puchta.
260 _aNew York :
_bPrentice Hall International,
_c1992.
300 _aIX, 157 pp :
_bill. ;
_c24 cm.
490 1 _aLanguage Teaching Methodology Series / Christopher N. Candlin, general editor. Classroom Techniques and Resources
505 _aIncludes indexes.
650 9 _aLanguage and languages
_xStudy and teaching
_zUnited States
650 9 _aPictures in education
650 9 _aActivity programmes in education
655 _aHandbooks, manuals, etc.
830 0 _aLanguage Teaching Methodology Series (Christopher N. Candlin, general editor).
_pClassroom Techniques and Resources
020 _a0136751822 (pbk)
040 _cBPK
041 0 _aeng
920 _a0-13-675182-2 (pbk)
942 _cKS
008 s uk f |000 0 eng
999 _c48074
_d48074
856 _uhttp://koha.tu.koszalin.pl/cgi-bin/koha/opac-detail.pl?biblionumber=48074
_yKatalog online BPK